Statistics for Ultimate Naruto Quiz

Click here to take the quiz!

General Stats

  • This quiz has been taken 2,660 times
  • The average score is 49 of 77

Answer Stats

Answer% Correct
Naruto Uzumaki
99%
Sasuke Uchiha
98%
Kakashi Hatake
96%
Sakura Haruno
96%
Tobi
94%
Itachi Uchiha
93%
Hinata Hyuga
92%
Ino Yamanaka
91%
Choji Akimichi
90%
Orochimaru
90%
Shikamaru Nara
90%
Neji Hyuga
89%
Pain
89%
Rock Lee
88%
Asuma Sarutobi
86%
Deidara
86%
Gaara
86%
Kiba Inuzuka
86%
Sasori
86%
Shino Aburame
86%
Tsunade
86%
Kurama
85%
Tenten
85%
Hidan
84%
Karin
84%
Kisame Hoshigaki
84%
Minato Namikaze
84%
Konan
83%
Temari
82%
Kakuzu
80%
Hashirama Senju
79%
Kurenai Yuhi
79%
Sai
79%
Jugo
78%
Kankuro
78%
Might Guy
78%
Tobirama Senju
78%
Hiruzen Sarutobi
77%
Suigetsu Hozuki
75%
Zetsu
75%
Jiraiya
74%
Yamato
74%
Kabuto Yakushi
73%
Madara Uchiha
72%
Shukaku
63%
Kushina Uzumaki
62%
Akamaru
60%
Iruka Umino
56%
Son Goku
56%
Konohamaru Sarutobi
53%
Chiyo
52%
Baki
50%
Matatabi
46%
Danzo Shimura
45%
Shikaku Nara
45%
Anko Mitarashi
41%
Gyuki
41%
Kimimaro
39%
Shizune
39%
Tayuya
38%
Chomei
37%
Inoichi Yamanaka
37%
Isobu
37%
Saiken
36%
Choza Akimichi
35%
Jirobo
32%
Kokuo
32%
Kidomaru
30%
Sakon and Ukon
29%
Ibiki Morino
25%
Ten Tails
21%
Animal Path
1%
Asura Path
1%
Deva Path
1%
Human Path
1%
Naraka Path
1%
Preta Path
1%

Score Distribution

Percentile by Number Answered

Percent of People with Each Score

Your Score History

You have not taken this quiz